Представление документа в формате MARC21

Поле Инд. ПП Название Значение
Тип записи m
Библиографический уровень m
001 Контрольный номер acfcfabf26cd416581b98d8b93e13ef6
005 Дата корректировки 20190916123151.9
008 Кодируемые данные 160218|||||||||ru||||||||||||||||||rus||
040 b Код языка каталог. rus
e Правила каталог. PSBO
084 a Индекс другой классификации/Индекс ББК 72+74.58+67я7
090 x Авторский знак М 54
245 10 a Заглавие Методические указания по подготовке выпускной квалификационной работы (бакалаврской работы)
c Ответственность Федер. агентство по рыболовству, ФГБОУ ВПО "Мурман. гос. техн. ун-т", Каф. гражд. и междунар. права ; сост. Л. Г. Максимец и [др.]
h Физич. носитель Электронный ресурс
b Продолж. заглавия для направления подгот. 400301 "Юриспруденция"
256 a Характеристики компьютерного файла Электрон. текстовые дан. (1 файл : 333 Кб)
260 a Место издания Мурманск
b Издательство Изд-во МГТУ
c Дата издания 2015
500 10 a Примечание Доступ из локальной сети Мурман. гос. техн. ун-та. - Загл. с экрана
583 x Служебное примечание Полнотекстовые документы
x Служебное примечание Труды преподавателей МГТУ
z Открытое примечание 40.00.00
z Открытое примечание Для студентов юридических специальностей
650 04 a Основная рубрика Юриспруденция-Практика-Учебные издания для высших учебных заведений-Методические указания-Бакалавриат
653 1_ a Ключевые слова Выпускные квалификационные работы; Защита выпускных квалификационных работ; Методические указания; Оформление выпускных квалификационных работ; Труды преподавателей МГТУ; Электронные версии; Юриспруденция
856 0_ u URL https://elib.mauniver.ru/2015/M_15_36.pdf
901 t Тип документа m
952 c Вид литературы учебно-методическое издание